Focus sur: Hermès - Harry Potter - Statistiques

Statistiques générales
  • Ce quiz a été pris 108 fois
  • Le résultat moyen est 4 sur 5
Statistiques - réponses
Informations recherchées Réponses % Correct
Espèce Hibou
93%
Maître Percy Weasley
93%
Première apparition Harry Potter à l'école des sorciers
78%
Première utilisation du nom Harry Potter et la Chambre des Secrets
65%
Lieu de rencontre avec Harry Potter Quai 9 3/4
36%
Aucun quiz correspondant
Distribution des résultats
% des personnes avec chaque résultat
Percentile par nombre de réponses
Votre historique - résultats
Vous n’avez pas pris ce quiz